000 00910cam a2200253 a 4500
001 000020147
005 20200929170304.0
008 770214s1940 ag 001 e spa d
040 _aDO-SdBNP
_bspa
_cBNPHU
082 _a864.6
_bM542a, 1940
100 1 _aMenéndez Pidal, Ramón,
_d1869-1968
_93902
245 1 0 _aAntología de prosistas españoles /
_cRamón Menéndez Pidal.
260 _aBuenos Aires, Argentina :
_bEspasa-Calpe Argentina,
_c1940.
300 _a303 p. ;
_c18 cm.
490 1 _aAustral. Verde: ensayos y filosofía
_v110
504 _aIncluye referencias bibliográficas y notas al pie de las páginas.
500 _aIncluye índice de autores.
650 4 _aEnsayos españoles
_93095
650 4 _aLiteratura española
_xHistoria y crítica
_93904
650 4 _aProsa española
_915565
830 0 _aAustral.
_pVerde: ensayos españoles ;
_v110
_942737
910 _aWM
049 _aBNGR
999 _c19655
_d19655